Statistics for Biggest Capitals In Australia

Click here to take the quiz!

General Stats

  • This quiz has been taken 73 times
  • The average score is 6 of 10

Answer Stats

RankCapital% Correct
1Canberra
100%
3Wellington
78%
2Port Moresby
69%
4Suva
60%
7Apia
53%
8Port Vila
49%
6Honiara
47%
9Nukualofa
44%
5South Tarawa
44%
10Palikir
35%

Score Distribution

Percentile by Number Answered

Percent of People with Each Score

Your Score History

You have not taken this quiz